| 000 | 00644nam a22002297a 4500 | ||
|---|---|---|---|
| 003 | DO-SdBNP | ||
| 005 | 20211122100302.0 | ||
| 008 | 211122b2019 ||||| |||| 00| 0 spa d | ||
| 020 | _a9781641312202 | ||
| 040 |
_aDO-SdBNP _bspa _cBNPHU |
||
| 082 |
_aPR863.44 _bC311o |
||
| 100 |
_aCarril, Emilio Del _975641 |
||
| 245 |
_aEn el oscuro reino de la garúa / _cEmilio del Carril |
||
| 250 | _a2da. ed. | ||
| 260 |
_aSanto Domingo : _bSantuario, _c2019 |
||
| 300 |
_a201 p. : _bil. ; _c22 cm |
||
| 490 | _aPaís invisible | ||
| 590 | _aInventariado, 2021, / DG | ||
| 650 |
_aCuentos dominicanos _980696 |
||
| 910 | _aD/G | ||
| 942 |
_2ddc _cLBS1 |
||
| 999 |
_c51011 _d51011 |
||